000 00745nam a2200193 i 4500
001 26559
003 ES-MaACL
005 20260127062524.0
007 t|
008 030109s1956 sp ||||1| spa d
100 1 _aAunós Pérez, Eduardo,
_d1894-1967
_923920
245 1 0 _aProletariado y marxismo
_b: discurso leído en la inauguración del curso 1955-56 el 11 de enero de 1956 /
_cpor Eduardo Aunós Pérez.
260 _aMadrid :
_b[s.n.,
_c1956] (
_fImp. Galo Sèz)
300 _a45 p. ;
_c23 cm.
500 _aPrecede al tít.: Real Academia de Jurisprudencia y Legislación.
700 _aReal Academia de Jurisprudencia y Legislación de España
_9217612
852 _aES-MaACL
_j1985-F-12
_bR.38260
999 _c26559
_d26559